Danke auf verschiedenen Sprachen - Statistiken

Allgemein
  • Dieses Quiz wurde 331 mal gespielt
  • Das Durchschnittsergebnis liegt bei 7 aus 20
Antwortstatistiken
Sprache Antwort % Korrekt
Deutsch Danke
100%
Englisch Thank you/Thanks
99%
Luxemburgisch Merci
85%
Französisch Merci
85%
Maltesisch Graci
75%
Spanisch Gracias
73%
Italienisch Grazie
65%
Portugiesisch Obrigado
24%
Kroatisch Hvala
18%
Serbisch Hvala
18%
Bosnisch Hvala
18%
Slowenisch Hvala
18%
Niederländisch Danku
14%
Japanisch Arigatou
9%
Afrikaans Dankie
9%
Chinesisch Xiexie
9%
Finnisch Kitos
5%
Koreanisch Kamsahamnida
4%
Lettisch Paldias
2%
Indonesisch Terimakashi
1%
Keine übereinstimmenden Quizze gefunden
Verteilung der Resultate
Anzahl Personen mit jedem Resultat
Perzentil nach korrekt beantworteten Fragen
Ihre Resultats-Entwicklung
Sie haben dieses Quiz noch nicht gespielt